[Event "Biel SKA"]
[Site "Biel"]
[Date "1991.??.??"]
[Round "3"]
[White "Lautier, Joel"]
[Black "Adams, Michael"]
[Result "1/2-1/2"]
[WhiteElo "2560"]
[BlackElo "2615"]
[Annotator "Ribli,Z"]
[PlyCount "115"]
[EventDate "1991.07.??"]
[EventType "tourn"]
[EventRounds "14"]
[EventCountry "SUI"]
[EventCategory "15"]
[SourceTitle "CBM 025"]
[Source "ChessBase"]
[SourceDate "1991.12.01"]
[SourceVersion "1"]
[SourceVersionDate "1991.12.01"]
[SourceQuality "1"]

1. d4 d6 2. c4 e5 3. Nf3 e4 4. Ng5 f5 5. Nc3 Be7 6. Nh3 Nf6 (6... c6 7. Bf4 Nf6
8. e3 O-O 9. Be2 h6 10. Qb3 $13 {Christiansen-Smejkal Novi Sad ol 1990 50/17})
7. g3 (7. Nf4 c6 8. e3 O-O 9. h4 Na6 10. Be2 (10. d5 Ng4 11. g3 Bf6 12. Bd2 g6
13. Be2 Ne5 14. a3 Nc7 $13 {Terrie-Judasin 50/18}) 10... Nc7 11. d5 cxd5 12.
cxd5 Nd7 13. g3 Bf6 14. Bd2 Be5 15. Rc1 Nf6 $13 {Ruban-Anand Palma de Mallorca
GMA-op 1989 48/(17)}) 7... c6 8. d5 Nbd7 9. Bg2 Ne5 10. Qb3 (10. b3 $5) 10...
Qa5 11. Bf4 Qc5 12. Rc1 Qxc4 13. Nxe4 Qxb3 14. Nxf6+ Bxf6 15. axb3 c5 $15 16.
O-O Bd7 17. Bd2 a5 18. Nf4 Kf7 19. e4 g6 20. Ne6 Nd3 21. Ra1 b6 22. f4 Bxb2 23.
Rab1 Bf6 24. g4 Bd4+ 25. Nxd4 cxd4 26. b4 a4 27. exf5 a3 28. Rf3 Nb2 29. Bc1
Nc4 30. Bf1 b5 31. Rd3 gxf5 32. Rxd4 fxg4 33. Ra1 a2 34. Bxc4 bxc4 35. Rd2 Rhe8
36. Kf2 Rab8 37. Raxa2 Rxb4 38. Ra7 Re7 39. Ba3 Rb6 40. Rb2 Rxb2+ 41. Bxb2 h5
42. Rc7 h4 43. Rxc4 Bf5 44. Rd4 Rc7 45. Rd2 Rc4 46. Kg1 Kg6 47. Ba3 Be4 48. f5+
Kxf5 49. Bxd6 Rc3 50. Bb8 Rc8 51. Bd6 Bf3 52. Rd4 Rc3 53. Rf4+ Kg5 54. Rd4 Kg6
55. Bf4 Rc8 56. d6 Bc6 57. d7 Rd8 58. Rd6+ 1/2-1/2

[Event "New York op"]
[Site "New York"]
[Date "1998.03.17"]
[Round "3"]
[White "Miezis, Normunds"]
[Black "Graf, Alexander"]
[Result "1-0"]
[WhiteElo "2505"]
[BlackElo "2625"]
[Annotator "Ribli,Z"]
[PlyCount "57"]
[EventDate "1998.03.16"]
[EventType "swiss"]
[EventRounds "9"]
[EventCountry "USA"]
[SourceTitle "CBM 064"]
[Source "ChessBase"]
[SourceDate "1998.06.02"]
[SourceVersion "1"]
[SourceVersionDate "1998.06.02"]
[SourceQuality "1"]

1. c4 e5 2. Nc3 d6 3. g3 f5 {Mit diesem Aufbau strebt Schwarz nach einer
unsymmetrischen Stellung.Ribli.} 4. Bg2 Nf6 5. d3 Be7 6. e4 {Dies ist eine
scharfe Fortsetzung. Weiß schwächt den Punkt d4, aber das hat keine Bedeutung,
nachdem er Nge2 und Be3 spielen kann.} fxe4 {Ich glaube, dieser Tausch kommt
zu früh.} (6... c6 $5 7. Nge2 O-O 8. O-O Na6 (8... Be6 9. b3 a5 10. d4 Nxe4 11.
Nxe4 fxe4 12. dxe5 dxe5 13. Qxd8 Rxd8 14. Nc3 Na6 15. Nxe4 Nc5 16. Ba3 Nxe4 17.
Bxe7 Rd7 18. Bxe4 {1/2-1/2 Estremera Panos,S-Mellado,J/ESP-ch 1993 (33)}) (8...
Qe8 9. b3 Qh5 10. f3 Na6 11. exf5 Qxf5 12. Ba3 Bd8 13. Ne4 Bb6+ 14. Kh1 Bc5 15.
Nxd6 $18 {1-0 Olafsson,H-Thibault,J/Lone Pine op 1979 (36)}) 9. b3 (9. d4 Qe8
10. a3 fxe4 11. dxe5 dxe5 12. Nxe4 Nxe4 13. Bxe4 Nc5 14. Bg2 Bf5 15. Be3 Rd8
16. Qe1 Qh5 17. Nc1 Rd7 18. b4 Ne6 $36 {0-1 Varberg,K-Gulko,B/Politiken Cup
1996 (28)}) 9... Qe8 10. Qd2 Qh5 11. Qg5 Qf7 12. Qd2 Kh8 13. Ba3 fxe4 14. dxe4
Nc5 15. Rad1 a5 16. f3 Be6 17. Bxc5 dxc5 18. Qe3 $13 {1/2-1/2 Csom,I-Gofshtein,
L/Herzliya 1993 (48)}) (6... Nc6 $5) 7. dxe4 Be6 (7... O-O 8. Nge2 Nc6 9. O-O
Nd7 10. Nd5 a5 11. Be3 Nc5 12. Nec3 Nb4 13. Nxe7+ Qxe7 14. a3 Nc6 15. Nd5 Qd8
16. b4 axb4 17. axb4 Rxa1 18. Qxa1 Nb3 19. Qa8 Ncd4 20. f4 exf4 21. Nxf4 c6 22.
Qa2 $14 {1-0 Kosten,A-Haydon,R/4NCL, Wigan ENG 1997 (33)}) 8. Nf3 $5 {Der
Springer hat Möglichkeiten auf g5 und im Falle von ...h6 kann er nach h4
gelangen, um die weißen Felder zu kontrollieren.} Nc6 (8... Bxc4 9. Qa4+ b5 10.
Nxb5 $16) 9. b3 {[%csl Yd5] Weiß kontrolliert stark den Punkt d5.} O-O 10. h3
$1 {Ein guter Vorbereitungszug. Der weiße Plan ist klar. Er möchte den Läufer
nach e3 entwickeln.} Kh8 11. Be3 $14 {Weiß hat eine freie Stellung und
entfaltet positionellen Druck über das Feld d5.} a6 {Dieser Plan scheint mir
weniger effektiv. Schwarz hat keine reelen Gegenchancen mit der Ausführung des
Zuges ...b7-b5.} (11... Nd7 $5 {Schwarz kann so das Manöver ...Nd7-c5-e6-d4
vorbereiten. Der Läufer kann nach g8 ziehen.}) 12. Qe2 Rb8 13. Rd1 {[%cal
Gd1d8]} Qc8 {Schwarz nimmt prophylaktisch die Dame aus der d-Linie und
verhindert die kurze Rochade des Gegners. Es scheint aber, als könne der weiße
König in der Mitte bleiben.} (13... b5 $5 14. cxb5 axb5 15. Nxb5 (15. Ng5 Bd7
16. Nxb5 h6 17. h4 $13) 15... Nxe4 16. Nxe5 Nxe5 17. Bxe4 Qd7 $44 {[%csl Re1]})
14. Ng5 Bd7 15. f4 $36 {Weiß droht 16.f5 zu ziehen, was ihm freie Hand am
Königsflügel läßt.} exf4 16. gxf4 Qe8 17. Bf3 $1 {Sonst kann Schwarz 17...Qh5
spielen und nach Damentausch ist der weiße Angriff weniger gefährlich.} (17.
O-O Qh5 (17... Nh5 $5 $13 {[%cal Rh5g3,Rg3e2,Rg3f1]}) 18. Qxh5 Nxh5 $11) 17...
Bd8 (17... h6 18. h4 hxg5 19. hxg5+ Nh7 20. Qh2 {[%cal Rh1h7]} Qg6 21. Bh5 Qe6
22. Bg4 {[%cal Rh1h7]} Qg8 (22... Qg6 23. f5 $18) 23. Bxd7 $18) 18. h4 {
Weiß kann mit seinem König ruhig in der Mitte bleiben und einen gefährlichen
Angriff am Königsflügel führen. Schwarz hat keine Angriffspunkte.} Ne7 19. Rg1
Neg8 (19... h6 20. f5 (20. Kd2 hxg5 21. hxg5 $44) (20. e5) 20... hxg5 21. hxg5
Nh7 22. g6 Nf6 23. Qh2+ (23. Kd2 $5) 23... Kg8 24. Rh1 {[%cal Rh1h8]} Nxg6 25.
fxg6 Qxg6 26. Kd2 $44 {[%csl Rg8][%cal Gd1g1,Gg1g8]}) 20. Qg2 Qe7 (20... h6 $2
21. Ne6 {[%csl Rg7][%cal Rg1g7]} Rf7 22. Nxg7 $18) 21. Bd4 c5 (21... b5 22. Nd5
Nxd5 23. cxd5 Rxf4 24. Ne6 $40 {[%csl Rg7,Rh8]} Qxh4+ $6 25. Ke2 $18) 22. Be3
Nh6 $2 {[%cal Gh6f5,Gf5d4,Gf5e3,Gf5h4,Ge7e1] Schwarz bereitet 23...Nf5 vor,
hat jedoch keine Zeit für die Ausführung.} (22... Ba5 $5 $132 {[%cal Ra5e1]
bietet dem Schwarzen Gegenchancen.}) 23. Nd5 $14 Ba5+ 24. Ke2 Nxd5 25. Rxd5 {
[%csl Gd5,Rd6,Rh8][%cal Gg1g7]} b5 (25... Bc3 {[%cal Gc3h8] und der Läufer
verteidigt gegen Unannehmlichkeiten auf der langen Diagonalen.}) 26. f5 bxc4
27. Nxh7 Rg8 (27... Kxh7 28. Qg6+ Kh8 29. Bxh6 gxh6 30. Qxh6+ Qh7 31. Qxd6 $18
{[%cal Rd5d7,Rd6e5,Re5h8]}) 28. Qg6 (28. Qg5 Qxg5 29. hxg5 $14) 28... cxb3 $4 {
Das ist ein unglaublicher Verlustzug.} (28... Be8 $5 29. Qg5 (29. Qxd6 Qxd6 30.
Rxd6 Kxh7 31. Rxa6 $14)) 29. Ng5 $18 {[%csl Rh8][%cal Rg6h7] und Schwarz kann
die Mattdrohung nicht parieren. Ribli.} 1-0

[Event "Kottnauer Memorial"]
[Site "Prague"]
[Date "1996.??.??"]
[Round "4"]
[White "Smejkal, Jan"]
[Black "Hort, Vlastimil"]
[Result "1-0"]
[WhiteElo "2510"]
[BlackElo "2550"]
[Annotator "Ribli,Z"]
[PlyCount "75"]
[EventDate "1996.06.??"]
[EventType "tourn"]
[EventRounds "10"]
[EventCountry "CSR"]
[EventCategory "12"]
[SourceTitle "CBM 054"]
[Source "ChessBase"]
[SourceDate "1996.10.01"]
[SourceVersion "1"]
[SourceVersionDate "1996.10.01"]
[SourceQuality "1"]

1. c4 {Tsesarsky} e5 2. Nc3 Bb4 3. Nd5 Bd6 {Ribli/} (3... Be7 4. d4 d6 5. e4
Nf6 6. Nxe7 Qxe7 7. f3 Nh5 8. Be3 O-O 9. Ne2 f5 10. exf5 exd4 11. Qxd4 Nc6 12.
Qd2 Bxf5 13. O-O-O Rae8 $10 {Lautier,J-Shirov,A/Las Palmas/1994/}) 4. d4 c6 (
4... Nc6 5. Nf3 e4 6. Ng5 f5 7. c5 $1) 5. dxe5 Bxe5 6. Nf3 d6 7. Nf4 $5 $146 {
Eine starke Neuerung.} (7. Nxe5 dxe5 8. Nc3 Qxd1+ 9. Nxd1 Na6 (9... Be6 $2 10.
b3 a5 11. Bb2 f6 12. Nc3 Na6 13. O-O-O Nh6 14. h3 Nf7 15. e3 O-O 16. Be2 $14 {
Salov,V-Kramnik,V/Linares/1993/1:0/40/}) (9... a5 10. Nc3 Nf6 11. b3 Na6 12.
Bb2 Bf5 $1 $10 {Ftacnik/}) 10. g3 Ne7 11. Bd2 Nf5 $10 {Georgiev,Ki-Adianto,U/
Moscow olm/CBM45/INF62,(13)/} (11... Nf5 12. Bg2 Be6 13. Rc1 O-O-O 14. Ba5 Rd7
15. O-O h5 16. h3 f6 17. Re1 $10 {Georgiev,Kir-Adianto,U/Moscow(olm)/1994/0,5/
46/})) (7. Nc3 Bxc3+ 8. bxc3 $14 {Ftacnik}) 7... Bf6 (7... Nf6) 8. e4 Ne7 9.
Be2 Ng6 10. Nh5 $1 (10. O-O $5 {Tsesarsky} Nxf4 $2 (10... Qe7 11. Qd3 Nd7 $13)
11. Bxf4 Bxb2 12. Rb1 Ba3 13. e5 d5 14. cxd5 Qxd5 15. Qxd5 cxd5 16. Rfd1 $14)
10... O-O (10... Qa5+ $6 {Tsesarsky} 11. Nd2 Nd7 (11... Be5 12. O-O O-O 13. Nb3
$1 (13. Kh1 Bf4 $1 14. Nxf4 (14. Nb3 Qe5 $10) 14... Nxf4 $10) 13... Qb6 14. Rb1
$1 $16 {/\Be3}) 12. O-O O-O 13. Nxf6+ Nxf6 14. Nb3 Qe5 15. f3 Nh5 $10 {[%csl
Yf4]} 16. Qd2 (16. g3 $4 Nxg3 $1 17. hxg3 Qxg3+ 18. Kh1 Nh4 $19) 16... Nhf4 17.
Rd1 f5 $1 18. Bd3 $8 Nxd3 (18... fxe4 19. Bxe4 Nh4 20. Qxd6 Qxd6 21. Rxd6 Nhxg2
$13) 19. Qxd3 fxe4 20. Qxe4 $10) 11. O-O $14 {Weiß hat Raumvorteil, und ein
starkes Zentrum. Es ist nicht leicht für Schwarz, gegen den gefährlichen
Springer h5 zu kämpfen.} Re8 12. Qc2 Nd7 (12... Na6 {Tsesarsky} 13. Nxf6+ Qxf6
14. Rd1 (14. Bg5 $5 Qe6 15. Nd2 Qe5 $36) 14... Nc5 15. Bg5 Qe6 $15) 13. Re1
Nde5 14. Be3 (14. h3) (14. Nd4 {Tsesarsky} Ng4 15. Nf5 Nh4 16. Bf4 Nxf5 17.
exf5 Ne5 $10) 14... Ng4 15. Nxf6+ Qxf6 16. Bg5 Qe6 17. h3 Nf6 18. Bd3 h6 19.
Bd2 (19. Be3 {Tsesarsky} Nh5 (19... Nxe4 $4 20. Nd4 Qe5 21. Bxe4 Qxe4 22. Bd2
Qxd4 23. Rxe8+ $16) 20. Nd4 Qe5 21. b4 Nhf4 $10) 19... c5 20. Rad1 Bd7 21. Nh2
{Der Springer zielt nach e3 und d5 oder f5.} Bc6 22. Nf1 Ne5 (22... Re7 $2 23.
e5 $1 dxe5 24. Bf5 Qd6 25. Ba5 (25. Bxh6 {Tsesarsky} Qc7 26. Bg5 $16) 25... Qb8
26. Rd8+ Qxd8 27. Bxd8 Rxd8 28. Bxg6 fxg6 $44) (22... Qd7 $5 {Tsesarsky}) 23.
Ng3 a6 {Nach 23...Nxd3 24.Qxd3 befinden sich ungleichfarbige Läufer auf dem
Brett, aber nach Bc3 und f3,Nf5 hat Weiss viele Drohungen am Königsflügel.} (
23... Nxd3 {Tsesarsky} 24. Qxd3 Nd7 $5 (24... Nxe4 $2 25. f3 Nxg3 26. Rxe6 Rxe6
$14) 25. Bc3 Ne5 26. Qxd6 Qxd6 27. Rxd6 Nxc4 28. Rdd1 g6 $10) 24. Bf1 b5 25. b3
Ng6 (25... bxc4 {Tsesarsky} 26. Bxc4 Nxc4 27. bxc4 Rab8 28. f3 $14) 26. f3 Nd7
(26... b4 {Tsesarsky} 27. Nf5 Rad8 28. Bc1 Ne7 (28... Nxe4 $6 29. Rxe4 Bxe4 30.
fxe4 Qxe4 31. Qxe4 Rxe4 32. Bb2 f6 33. Bd3 Re6 34. Nxh6+ $16) 29. Nxe7+ $14 (
29. Bb2 Nxf5 30. exf5 Qd7 31. Bxf6 gxf6 32. Bd3 $10)) 27. Nf5 Ne7 (27... Rad8
$2 {Tsesarsky} 28. Bxh6 gxh6 29. Rxd6 $18) (27... Nde5 {Tsesarsky} 28. Be3 Rad8
29. f4 Nxc4 $5 (29... Nd7 30. Nxd6 $16) 30. bxc4 $4 (30. Qc3 $1 Nce5 $8 (30...
Nb6 31. Qxg7#) 31. fxe5 Nxe5 $16) 30... Bxe4 $17) 28. Bc3 $1 $18 {
Interressantes Bild. Nach 28...Nxf5 29.exf5 hat die schwarze Dame keinen Platz
mehr!} b4 (28... Nxf5 $2 {Tsesarsky} 29. exf5 $18) 29. Nxg7 Qg6 30. Nxe8 Rxe8 (
30... bxc3 {Tsesarsky} 31. Nxd6) 31. Ba1 Kh7 32. f4 (32. Qd2 {Tsesarsky}) 32...
Nc8 33. Bd3 Qg3 34. Qf2 Qxf2+ 35. Kxf2 Kg8 36. Re3 f6 37. Rde1 Ne7 38. e5 (38.
e5 fxe5 39. Rg3+ (39. fxe5 {Tsesarsky} Nxe5 40. Bxe5 Rf8+ 41. Kg1 dxe5 42. Rxe5
$18) 39... Kf7 40. fxe5 dxe5 41. Bxe5 $18) 1-0

[Event "Politiken Cup 18th"]
[Site "Copenhagen"]
[Date "1996.??.??"]
[Round "3"]
[White "Johansen, Terje"]
[Black "Gulko, Boris F"]
[Result "0-1"]
[WhiteElo "2375"]
[BlackElo "2615"]
[Annotator "Ribli,Z"]
[PlyCount "46"]
[EventDate "1996.06.??"]
[EventType "swiss"]
[EventRounds "11"]
[EventCountry "DEN"]
[SourceTitle "CBM 054"]
[Source "ChessBase"]
[SourceDate "1996.10.01"]
[SourceVersion "1"]
[SourceVersionDate "1996.10.01"]
[SourceQuality "1"]

1. d4 {Chekhov} d6 2. c4 e5 3. Nf3 (3. Nc3 $5 {Chekhov}) 3... e4 4. Ng5 f5 5.
Nc3 c6 6. d5 $6 {Dieser Zug gefällt mir nicht, Weiß gibt die Punkte c5 und e5
zu früh auf.} (6. g3 $5) 6... Be7 (6... Na6 {Chekhov} 7. f3 Be7 8. Nh3 Nf6 9.
Nf2 cxd5 10. cxd5 O-O 11. e3 Qb6 12. Be2 Nc5 13. O-O a5 14. Qd4 exf3 15. gxf3
Nfd7 $132 {Uhlmann,W-Mokry,K/Graz/1991/0,5/17/}) 7. Nh3 Na6 8. e3 (8. g3 $5) (
8. g3 $5 Bf6 9. Bg2 Ne7 10. O-O O-O 11. Be3 Nc7 12. Bd4 Bxd4 13. Qxd4 c5 14.
Qd2 Ng6 15. f3 $1 exf3 16. exf3 Bd7 17. f4 $16 {Nikolic,P-Speelman,J/New York/
1994/1|0/57/}) 8... Bf6 $13 {Schwarz nutzt die "Löcher" aus, sein Läufer steht
gut auf der großen Diagonale, und sein a6-Springer kann später nach c5 gehen.}
9. Bd2 (9. Be2 $5 Ne7 10. O-O Nc7 11. Nf4 O-O 12. f3 $132) 9... Nh6 {Das ist
sehr sonderbar, Schwarz führt auch seinen zweiten Springer an den Rand.} (9...
Ne7 $5 {Chekhov} 10. Be2 Nc7 11. Nf4 O-O 12. O-O Be5) 10. Nf4 O-O 11. Be2 Bd7
12. O-O (12. g3 Qe7 (12... g5 13. Nh5 Be5 14. h4) 13. h4 $13) 12... Qe7 13. Rc1
$6 (13. f3 exf3 14. Rxf3 (14. Bxf3 Bxc3 15. bxc3) 14... g5 $36) 13... Be5 14.
f3 (14. a3 $5 {Chekhov}) 14... g5 15. Nh3 (15. Nh5 {Chekhov} exf3 16. gxf3 f4
17. exf4 gxf4 $22 18. Ng3 fxg3 19. Bxh6 Qh4 $19) 15... exf3 16. gxf3 f4 $17 17.
Kg2 (17. Nf2 fxe3 18. Bxe3 Bxh2+ 19. Kxh2 Qxe3 $40 (19... Qxe3 {Chekhov} 20.
dxc6 Qf4+ $19)) (17. exf4 {Chekhov} Bxc3 $19) 17... Nf5 18. Ng1 (18. exf4 {
Chekhov} Nh4+ 19. Kh1 Bxh3 20. fxe5 Bxf1 21. Qxf1 Qxe5 $19) 18... Nxe3+ 19.
Bxe3 fxe3 20. Ne4 Qf7 $19 21. Kh1 Qf4 22. Ng3 Rf6 23. Bd3 Rh6 {Droht Rxh2 und
Qxg3. Weiß bleibt keine Verteidigung. Ribli} 0-1

[Event "Interzonal-15"]
[Site "Manila"]
[Date "1990.??.??"]
[Round "1"]
[White "Lautier, Joel"]
[Black "Piasetski, Leon David"]
[Result "1-0"]
[WhiteElo "2570"]
[BlackElo "2410"]
[Annotator "Ribli,Z"]
[PlyCount "61"]
[EventDate "1990.06.29"]
[EventType "swiss"]
[EventRounds "13"]
[EventCountry "PHI"]
[SourceTitle "CBM 019"]
[Source "ChessBase"]
[SourceDate "1990.12.01"]
[SourceVersion "1"]
[SourceVersionDate "1990.12.01"]
[SourceQuality "1"]

1. d4 d6 2. c4 e5 3. Nc3 exd4 4. Qxd4 Nc6 5. Qd2 Nf6 (5... g6 6. b3 Bg7 7. Bb2
Nf6 8. g3 O-O 9. Nh3 a5 10. Nf4 Ne5 11. Rc1 Bd7 12. Bg2 a4 13. O-O $14 {
Ruf,M-Hickl,J FRG ch 1989 CBM 15}) 6. b3 Be6 7. e4 a5 8. Bb2 (8. Bd3 a4 9. Rb1
axb3 10. axb3 g6 {1/4-1/4 Boensch,U-Azmayparashvili,Z Berlin Thälmann 1989 CBM
13}) (8. Nge2 {- 28/35}) (8. Bd3) 8... a4 9. Rd1 (9. Rb1 $5 axb3 10. axb3 g6
11. Bd3 Bg7 12. Nge2 O-O 13. O-O Ne5 {/\ c6!}) 9... axb3 10. axb3 g6 11. Bd3
Bg7 12. Nge2 O-O 13. O-O Nd7 (13... Ne5 14. Bb1 $14 {/\} Bxc4 $2 15. bxc4 Nxc4
16. Qc1 $16) 14. Nd5 Bxd5 (14... Ra2 $5 15. Nec3 Ra8 16. Nb5 Ra2 17. Nbc3 (17.
Ndc3 Ra8 $10 {/\} 18. Na4 Nce5) 17... Ra8 $13) 15. Bxg7 $1 Kxg7 16. cxd5 Nce5
17. Bb1 Re8 18. Nd4 Ra6 (18... Nf8 19. f4 Ned7 20. Nf3 Qf6 $14) 19. Rfe1 Rb6
20. f4 Ng4 21. b4 Ngf6 22. Nf3 $1 Kg8 23. e5 dxe5 (23... Nh5 $142 24. e6 fxe6
25. dxe6 Nf8 26. f5 $16) 24. fxe5 Nh5 (24... Ng4 25. Qf4) 25. Ba2 Ng7 26. e6
Nf6 (26... Nf8 27. exf7+ Kxf7 28. d6+ Nge6 29. Ng5+) 27. exf7+ Kxf7 28. d6+ Kf8
29. Rxe8+ Ngxe8 (29... Nfxe8 30. Qd5) (29... Kxe8 30. Qe3+ Kf8 31. Qb3 Qe8 32.
d7) 30. Qh6+ Ng7 31. Ng5 1-0

[Event "Noviki-A"]
[Site "Budapest"]
[Date "1990.??.??"]
[Round "3"]
[White "Lau, Ralf"]
[Black "Mainka, Romuald"]
[Result "0-1"]
[WhiteElo "2460"]
[BlackElo "2445"]
[Annotator "Ribli,Z"]
[PlyCount "78"]
[EventDate "1990.??.??"]
[EventType "tourn"]
[EventRounds "11"]
[EventCountry "HUN"]
[EventCategory "9"]
[SourceTitle "CBM 019"]
[Source "ChessBase"]
[SourceDate "1990.12.01"]
[SourceVersion "1"]
[SourceVersionDate "1990.12.01"]
[SourceQuality "1"]

1. c4 e5 2. Nc3 Bb4 3. e3 $6 Bxc3 $1 4. bxc3 d6 (4... Nf6 5. d4 e4 6. c5 $2 O-O
7. Ne2 b6 8. cxb6 axb6 9. Ng3 d5 $15 {Cebalo-Barlov Jugoslavia ch 1986 41/19})
5. d4 Nc6 6. Nf3 Nf6 7. Ba3 e4 $1 8. Nd2 O-O 9. Be2 Re8 10. h3 b6 11. Qc2 Qe7
12. O-O Bb7 13. Rae1 Nb8 $1 14. f4 exf3 15. Bxf3 Bxf3 16. Rxf3 Ne4 17. Rf4 Nxd2
18. Qxd2 Nc6 $1 19. Qd3 Rad8 20. Qf1 f6 21. e4 Qf7 22. Rf5 Na5 $15 23. d5 Rd7
24. Bb4 Nb7 25. g4 Rde7 26. Qf4 Re5 27. h4 Qd7 28. Re3 Nd8 29. g5 Rxf5 30. exf5
Rxe3 31. Qxe3 fxg5 32. Qxg5 (32. hxg5 Qxf5 33. Qe8+ Qf8 34. Qd7) 32... Nf7 33.
Qe3 Ne5 34. c5 bxc5 35. Bxc5 Qxf5 36. Bxa7 Qb1+ 37. Kg2 Qxa2+ 38. Kg3 Qxd5 39.
Bd4 c5 {Ribli} 0-1

[Event "Pamplona 9091 1st"]
[Site "Pamplona"]
[Date "1990.??.??"]
[Round "?"]
[White "Todorcevic, Miodrag"]
[Black "De la Villa Garcia, Jesus Maria"]
[Result "1-0"]
[WhiteElo "2540"]
[BlackElo "2475"]
[Annotator "Ribli,Z"]
[PlyCount "65"]
[EventDate "1990.12.??"]
[EventType "tourn"]
[EventRounds "9"]
[EventCountry "ESP"]
[EventCategory "12"]
[SourceTitle "CBM 021"]
[Source "ChessBase"]
[SourceDate "1991.04.01"]
[SourceVersion "1"]
[SourceVersionDate "1991.04.01"]
[SourceQuality "1"]

1. c4 e5 2. Nc3 Bb4 3. Nd5 $1 Ba5 4. b4 c6 5. bxa5 cxd5 6. cxd5 Qxa5 7. e4 Nf6
8. f3 (8. Bd3 $5 d6 9. Ne2 O-O 10. O-O Nh5 11. Bc2 f5 12. d4 $1 f4 13. dxe5
dxe5 14. Nd4 $1 Nf6 (14... exd4 15. Qxh5 Qc3 16. Bb3 Qxa1 17. Ba3 Qc3 18. Bxf8
Kxf8 19. d6 $18) 15. Nb3 Qa6 16. Bd3 Qa4 17. Bb2 Nbd7 18. Qe2 f3 19. gxf3 Nh5
20. Kh1 Nf4 21. Qd2 b6 22. Rfc1 $16 {Ivanov,I-Rohde,M New York op 1990 49/(22)}
) 8... O-O (8... d6 9. Ne2 Na6 10. Nc3 Nc5 11. a4 O-O 12. Ba3 Bd7 13. Qb1 Rfc8
14. Bb5 $14 {Vaganian,R-Lobron,E Manila izt 1990 CBM/19 49/22}) 9. Bb2 d6 10.
Bc3 Qd8 11. Ne2 Nh5 12. d3 Na6 13. g3 $1 f5 14. Bg2 fxe4 15. dxe4 $14 Bd7 16.
O-O Rc8 17. Rb1 Nc5 18. Qd2 Nf6 19. Qe3 Re8 20. g4 $1 Rc7 21. Ng3 Bc8 22. g5
Nfd7 23. h4 Nb6 24. Rfc1 Nc4 25. Qe2 Na4 26. Be1 Na3 27. Rxc7 Qxc7 28. Rb3 Nc4
29. Bf1 Na5 30. Qb5 Qb6+ 31. Qxb6 axb6 32. Bxa5 bxa5 33. Bb5 1-0